000 00612nam a2200205Ii 4500
001 4491
003 CO-ViMGA
008 241108s9999||||xx |||||||||||||| ||und||
040 _aCO-ViMGA
_bspa
_erda
_cCO-ViMGA
041 0 _aunk
082 0 4 _a595-G76
100 1 _aJ. Gross
_955159
245 1 0 _aZoología:
_bInsectos
264 1 _a[Lugar de publicación no identificado] : Labor, [Fecha de publicación no identificada]
300 _avolumen
336 _atext
_btxt
_2rdacontent
337 _aunmediated
_bn
_2rdamedia
338 _avolume
_bnc
_2rdacarrier
940 _aidficha_siabuc: 4381. -- ficha_no_siabuc:4491
999 _c52585
_d52585